01004nam a2200325Ia 4500001000900000003000500009005001700014008004100031010001100072020001800083040000900101082001900110100002200129245012200151250001100273260004500284300001600329500005000345503000800395504003100403650002300434650003000457650002800487650002200515650001700537650001600554650001700570650002800587700006300615dia_4537CHAP20251023173259.0220117s2005 xx 000 0 und d a175198 a970-26-0579-2 cCHAP a658.3 W44 2005 aWhetten, David A. aDesarrollo de habilidades directivas /c David A. Whetten y Kim S. Cameron ; traducción Astrid María Mues Zepeda a6a ed. aMéxico :b Pearson Educación,c2005 axxi, 697 p. aTitulo original: Devoloping Management Skills aC/e aBibliografía: p. 656-676 aAdministración  aDirección de empresas  aEmployment management  aExecutive ability aLeadership  aLiderazgo  aManagement  aPersonalxDirección  aCameron, Kim S., coaut. / Mues Zepeda, Astrid María, tr.